| 000 | 00506nam a2200169 4500 | ||
|---|---|---|---|
| 001 | 126795 | ||
| 003 | ES-MaACL | ||
| 005 | 20251011063131.0 | ||
| 007 | t| | ||
| 008 | 070214s1956 sp r ||||1| spa d | ||
| 100 | 1 |
_aRiba, Carles, _d1893-1959 _996698 |
|
| 245 | 1 | 0 |
_aObra poética _b: antología / _cCarles Riba ; texto original y versiones castellanas. |
| 260 |
_aMadrid : _bInsula, _c1956. |
||
| 300 |
_a229 p. ; _c25 cm. |
||
| 852 |
_aES-MaACL _jC-10879 _bR.39021 |
||
| 999 |
_c126795 _d126795 |
||